Grafomotricidad : (Registro nro. 10250)

Detalles MARC
000 -LEADER
fixed length control field 00938nam a22002777a 4500
001 - CONTROL NUMBER
control field 842
003 - CONTROL NUMBER IDENTIFIER
control field DO-SdBNP
005 - DATE AND TIME OF LATEST TRANSACTION
control field 20160601115613.0
007 - PHYSICAL DESCRIPTION FIXED FIELD--GENERAL INFORMATION
fixed length control field 842
008 - FIXED-LENGTH DATA ELEMENTS--GENERAL INFORMATION
fixed length control field 160601b 2008 dr | |||| 00| 0 spa d
020 ## - INTERNATIONAL STANDARD BOOK NUMBER
International Standard Book Number 9789945113075
040 ## - CATALOGING SOURCE
Field link and sequence number
Original cataloging agency BPMSU
Language of cataloging sp
Transcribing agency BPMSU
100 ## - MAIN ENTRY--PERSONAL NAME
Personal name Sosa R., Olga
245 10 - TITLE STATEMENT
Title Grafomotricidad :
Remainder of title tercer trimestre /
Statement of responsibility, etc. Olga Sosa R. ; dirección editorial Obdulia García de Escobar ; ilustración Jonás Muvdi, José Amado Polanco
260 ## - PUBLICATION, DISTRIBUTION, ETC. (IMPRINT)
Place of publication, distribution, etc. Santo Domingo :
Name of publisher, distributor, etc. Santillana,
Date of publication, distribution, etc. 2008
300 ## - PHYSICAL DESCRIPTION
Extent 142 p. :
Other physical details il. ;
Dimensions 21 cm.
500 ## - GENERAL NOTE
General note 3 años
500 ## - GENERAL NOTE
General note Inicial
500 ## - GENERAL NOTE
General note Contienes el primer trimestre del tercer años
505 ## - FORMATTED CONTENTS NOTE
Title Grafomotricidad --
-- Aprendo matemática --
-- Lectoescritura --
700 ## - ADDED ENTRY--PERSONAL NAME
Personal name García de Escobar, Obdulia
700 ## - ADDED ENTRY--PERSONAL NAME
Personal name Polanco, José Amado
Relator term il.
700 ## - ADDED ENTRY--PERSONAL NAME
Personal name Muvdi, Jonás
Relator term il.
942 ## - ADDED ENTRY ELEMENTS (KOHA)
Source of classification or shelving scheme Dewey Decimal Classification
Koha item type Libros
956 ## - LOCAL ELECTRONIC LOCATION AND ACCESS (OCLC)
Host name VMATEO
Access number 10
Compression information 20160601
Path BPMSU
Electronic name 00069
Existencias
Withdrawn status Lost status Source of classification or shelving scheme Damaged status Not for loan Collection code Home library Current library Date acquired Source of acquisition Total Checkouts Barcode Date last seen Price effective from Koha item type Copy number
    Dewey Decimal Classification       Biblioteca Pública Metropolitana Salomé Ureña Biblioteca Pública Metropolitana Salomé Ureña 06/01/2016 Donación   BPMET16060009 06/01/2016 06/01/2016 Libros  
    Dewey Decimal Classification       Biblioteca Pública Metropolitana Salomé Ureña Biblioteca Pública Metropolitana Salomé Ureña 06/01/2016 Donación   BPMET16060010 06/01/2016 06/01/2016 Libros ej. 2